| 000 | 01268nam0a22004091 4500 | ||
|---|---|---|---|
| 001 | v19\rc\1740447 | ||
| 005 | 20250619055701.0 | ||
| 035 | _a(NLR Aleph) 004848009 | ||
| 090 |
_a4891574 _c4891574 |
||
| 100 | _a20061204d1902 |||y0rusy50 ca | ||
| 101 | 1 |
_arus _cger |
|
| 102 | _aRU | ||
| 105 | _ay z ||||| | ||
| 200 | 1 |
_aСистема философии _fВильгельм Вундт _gПер. с нем. А.М. Водена |
|
| 210 |
_aСанкт-Петербург _cФ. Пантелеев _d1902 |
||
| 215 |
_aVIII, 436 с. _d25 |
||
| 532 | 1 | 3 | _aСистема философии |
| 700 | 1 |
_aВундт _bВ.М. _f1832-1920 _gВильгельм Макс |
|
| 702 | 1 |
_aВоден _bА.М. _f1870- _gАлексей Михайлович _4730 |
|
| 801 | 0 |
_aRU _bNLR _gpsbo |
|
| 801 | 0 |
_aRU _bRuMoRGB _2psbo |
|
| 801 | 1 |
_aRU _bProSoft-M _2rusmarc |
|
| 852 |
_aNLR _j34.5.5.87 |
||
| 852 |
_aNLR _j127/2505 |
||
| 852 |
_aNLR _bМф _jК1/22423 |
||
| 899 |
_aRuMoRGB _jW 455/33 |
||
| 899 |
_aRuMoRGB _jV 103/169 |
||
| 899 |
_aRuMoRGB _jU 118/165 |
||
| 899 |
_aRuMoRGB _jU 408/7 |
||
| 899 |
_aRuMoRGB _jРб 33/71 |
||
| 899 | _aБАН | ||
| 899 | _aНБ СПбГУ | ||
| 899 | _aГПИБ | ||
| 899 | _aНБ МГУ | ||
| 942 | _cBOOK | ||
| 980 | _aNB | ||